Two Of Us - Louis Tomlinson (All Lyrics) - Statistics

General Stats
  • This quiz has been taken 2,073 times
    1,440 since last reset
  • The average score is 413 of 488
Answer Stats
Two Of Us % Correct
I
99%
the
98%
The
98%
a
97%
of
96%
you
96%
You
96%
be
95%
two
95%
us
95%
to
94%
hear
93%
it
93%
me
92%
on
92%
Just
91%
just
91%
so
91%
Chorus So
91%
I'll
90%
my
90%
by
89%
for
89%
I'm
89%
And
88%
and
88%
know
88%
life
88%
one
88%
Post-Chorus One
88%
alone
87%
day
87%
do
87%
will
87%
can
86%
living
86%
no
86%
that
86%
up
86%
won't
86%
in
85%
But
84%
your
84%
Don't
83%
don't
83%
Verse 1 It's
83%
keep
83%
not
83%
this
83%
This
83%
best
82%
called
82%
night
82%
been
81%
die
81%
give
81%
they
81%
leave
80%
next
80%
since
80%
until
80%
always
79%
get
79%
heart
79%
message
79%
here
78%
minute
78%
told
78%
when
78%
own
77%
song
77%
away
76%
was
76%
words
76%
are
75%
fade
75%
make
75%
once
75%
Tattooed
75%
Even
74%
turn
74%
You'll
74%
you'll
74%
dust
73%
instead
73%
took
73%
wish
73%
or
72%
diamonds
71%
proud
71%
through
71%
Through
71%
favourite
69%
gonna
69%
looking
69%
Looking
69%
memories
69%
still
69%
swear
69%
head
68%
Yeah
68%
down
67%
miss
67%
morning
67%
dreaming
66%
woke
66%
answerphone
65%
With
65%
how
64%
is
64%
never
64%
much
63%
ever
62%
DNA
60%
every
60%
You're
60%
you're
60%
playing
59%
see
58%
written
58%
run
56%
all
55%
blood
55%
feel
54%
again
53%
back
53%
we
49%
waiting
48%
God
47%
else
46%
everything
44%
where
43%
Oh
41%
hold
40%
mirror
40%
I'd
38%
like
37%
could
36%
end
36%
promised
36%
started
35%
Outro We'll
29%
No matching quizzes found
Score Distribution
Percent of People with Each Score
Percentile by Number Answered
Your Score History
You have not taken this quiz since the last reset